00457nam a22001457a 450000500170000000800410001704100130005808200150007110000280008624500720011425000200018626000480020630000320025465000250028620231206084740.0231206b |||||||| |||| 00| 0 eng d aEnglish  a346.5 MEY  aMeyerowitz, D lEnglish aThe Law and Practice of Administration of Estates / cD Meyerowitz  aFourth Edition  aCape Town : bJuta and Company Ltd, c1966  bxxix, 635 pages ; c26 cm.  aLegal practice bLaw